000 00383nam a22001577a 4500
005 20241002120002.0
008 241002b |||||||| |||| 00| 0 eng d
082 _a613.7
_bBIL-B
100 _aBill Phillips
245 _aBill Phillips Transformation /
260 _a9781401911768
_bUSA
_c2010
300 _a231P.
_bILL;
_c24cm
650 _aart& design
999 _c36608
_d36608